000 01077nam a22003495b 4500
001 446
003 DO-SdBPM
005 20251030141016.0
007 ta
008 950710s2019 dr a | | ||spa
017 _a
_b
020 _a9788434878761
040 _aDO-SdBPM
_bspa
_cBPMSU
_erda
082 4 _a863.6
_bR763p 2019
_222
100 1 _a Romero Yebra, Ana María,
_d1945-
_eautor
245 1 0 _a El pirata Pepe /
_cAna María Romero ; ilustraciones Mikel Valverde
_h
250 _a
264 _aMadrid :
_bEdiciones SM,
_c2019
300 _a21 páginas . :
_bilustraciones ;
_c21 cm
336 _atexto
_btxt
_2rdacontent
337 _asin mediación
_bn
_2rdamedia
338 _avolumen
_bnc
_2rdacarrier
490 0 _aCuentos de ahora
_a
_v
590 _aInventariado, 2025/VM
600 _2
650 7 _aCuentos infantiles españoles
650 7 _aPiratas
_vCuentos infantiles
650 7 _aLiteratura infantil española
700 1 _a Valverde, Mikel
_eilustrador
910 _aVMateo V. Control de calidad. BPMSU
942 _2ddc
_cBK
999 _c15481
_d15481